000 00798nas a2200265 4500
001 BR2014001735
003 BR-BrBNA
005 20231205123830.0
007 ta
008 230509b bl.|||p| |||| 00| 00por d
040 _aBR-BrBNA
_bpor
_cBiblioteca Nacional de Agricultura
041 _a(Pt)
072 _aP06; P40; U10
100 1 _aSilva, D.G. da
100 1 _aLopes, R.P.
100 1 _aCarvalho, D.F. de
245 1 _aCaracterização do potencial eólico em Seropédica (RJ)
650 _aENERGIA EÓLICA
650 _aVENTO
650 _aVELOCIDADE
650 _aDESENVOLVIMENTO SUSTENTÁVEL
773 0 _tEnergia na Agricultura (Brazil)
_xISSN 1808-8759
_g(Jul-Sep 2013), v. 28(3) p. 185-192
_wBR2014001735
909 _a202311
_bLúcia
_c55
_dLúcia Elande
942 _2AGRIS
_n0
_cANA
999 _c235925
_d235925